000 00659nam a2200193Ia 4500
005 20250508155330.0
008 008 250505s9999 xx 000 0 eng d
037 _aBooks to be hide in OPAC
040 _aFEDL
_beng
_cFEDL
041 _aeng
_2eng
084 _a510.709 68, NAT/O
_qFEDL
100 _aRooy A J Van
_9766877
245 0 _aTeaching of mathematics, general mathematics and arithmetic in public secondary and high schools for whites in South Africa
245 0 _cNational Bureau Of Educational and Social Research
260 _c1965
300 _axxi,411p.
942 _cHB
_h510.709 68, NAT/O
999 _c1356108
_d1356108